000 00282nam a2200109Ia 4500
008 220204s9999 xx 000 0 und d
082 _a631/635
_bADv.72
100 _aSparks, Donald L
245 0 _aAdvances in agronomy V.72
260 _aSan Diego
_bAcademic Press
_c2001
942 _cBK
999 _c41849
_d41849